000 01037pam a2200277 i 4500
999 _c19750
_d19750
001 3716845
003 OSt
005 20200612125313.0
008 800424s1980 enk b 001 0 eng
010 _a 80016370
020 _a0521230489
040 _aDLC
_coclc
_dDLC
050 0 0 _aB2948
_b.T63
082 0 0 _a193
_bTOE/H
100 _aToews, John Edward
_92842
245 1 0 _aHegelianism :
_bthe path toward dialectical humanism, 1805-1841 /
_cJohn Edward Toews.
260 _aCambridge [Eng.] ;
_aNew York :
_bCambridge University Press,
_c1980.
300 _ax, 450 p. ;
_c24 cm.
500 _aIncludes index.
504 _aBibliography: p. 417-438.
600 1 0 _aHegel, Georg Wilhelm Friedrich,
_d1770-1831
_xInfluence.
856 4 1 _3Table of contents
_uhttp://www.loc.gov/catdir/toc/cam031/80016370.html
856 4 2 _3Publisher description
_uhttp://www.loc.gov/catdir/description/cam031/80016370.html
906 _a7
_bcbc
_corignew
_du
_eocip
_f19
_gy-gencatlg
942 _2ddc
_cBK
_h193
_iTOE/H
_k193
_mTOE/H